zpět

Detail výsledku týmu

Max Beer Bar, Benešov

Datum a čas kvízu

23 Celkem bodů Celkový počet nahraných bodů na tomto kvízu bez doplňovacích otázek.
7. Pořadí na kvízu Konečné umístění týmu na tomto kvízu.

Zaznamenané odpovědi

# Otázka Odpověď Body Výsledky
1. Dnešní narozeninové vědomostní... Jiří Rusnok 0
2. Které dvě české sportovkyně zí... Eva Samková, Martina Sáblíková 1
3. Ve které evropské metropoli by... v Paříži 1
4. V roce 2016 měl premiéru jeden... Deadpool 0
5. Dne 27. září 2017 zemřel muž,... Hugh Hefner 1
6. Která kapela získala v březnu... C 0
7. Napište název města, ve kterém... Kladruby nad Labem 1
8. V březnu 2020 dorazil do Česka... A 1
9. V den osmých narozenin kvízu,... Barbora Krejčíková 0
10. Seřaďte události loňského roku... 1D 2A 3B 4C 0